Adressage et gestion des villes
Đã lưu trong:
| Định dạng: | Sách |
|---|---|
| Ngôn ngữ: | Undetermined |
| Được phát hành: |
Washington
The World Bank
2005
|
| Những chủ đề: | |
| Các nhãn: |
Thêm thẻ
Không có thẻ, Là người đầu tiên thẻ bản ghi này!
|
| Thư viện lưu trữ: | Trung tâm Học liệu Trường Đại học Cần Thơ |
|---|
| LEADER | 00483nam a2200169Ia 4500 | ||
|---|---|---|---|
| 001 | CTU_76011 | ||
| 008 | 210402s9999 xx 000 0 und d | ||
| 082 | |a 330.9 | ||
| 082 | |b A242 | ||
| 245 | 0 | |a Adressage et gestion des villes | |
| 245 | 0 | |c Catherine Farvacque-Vicovic... [et al.] | |
| 260 | |a Washington | ||
| 260 | |b The World Bank | ||
| 260 | |c 2005 | ||
| 650 | |a Economic development | ||
| 904 | |i Hạ Nguyên,Hải | ||
| 980 | |a Trung tâm Học liệu Trường Đại học Cần Thơ | ||